000 01338nam a2200325 i 4500
003 EG-GICUC
005 20260121101526.0
008 251220s2002 ua ||||fr|||| 000 0 ara d
040 _a EG-GICUC
_bara
_c EG-GICUC
_d EG-GICUC
_erda
041 _aara
082 0 4 _221
_a345.4392
_bع ل . م
092 0 4 _221
099 _aLaw1 07 345.4392 ع ل . م 1 ed - 2002
100 0 _aفتحي عبدالفتاح محمد خليل.
_eمؤلف.
245 1 2 _aالموظف العام وممارسة الحرية السياسية /
_cدكتور علي عبدالفتاح محمد خليل.
250 _aالطبعة الاولى.
264 1 _aالقاهرة :
_bدار انهضة العربية,
_c2002.
300 _a592 صفحة ؛
_c24 سم
_bإيضاحيات، صور، مثيليات ؛
336 _2rda content
_atext
337 _2rda media
_aComputer
338 _2rda carrier
_aOnline Resource
504 _a. 582-555 ببليوجرافيا: صفحات.
546 _aالنص أغلبه باللغة العربية مع بعض النصوص الفرنسية
650 1 4 _aالحقوق السياسية للموظف العام
_2qrmak
650 1 4 _aطرق اختيار الموظف العام
651 1 _2qrmak
856 4 0 _uhttps://fll.law.cu.edu.eg/fulltext/bks/B07-01560.pdf
905 _a79
942 _2ddc
_cBK
_e21
_n0
999 _c51798
_d51798